Movies Quiz

Random Movies or Quote Quiz

Who Said It: Joker or Thanos Quiz Stats

 Plays Quiz not verified by Sporcle

Score 0/20 Timer 05:00
2 Plays Today
% Correct
Joker
97.5%
Joker
96.1%
Thanos
96.1%
Thanos
95.7%
Joker
95.4%
Thanos
95.4%
Thanos
93.2%
Joker
92.9%
Joker
91.8%
Thanos
91.8%
% Correct
Thanos
90.4%
Joker
89.7%
Thanos
89.7%
Joker
89%
Joker
86.8%
Joker
86.5%
Thanos
86.5%
Joker
74.7%
Thanos
74.4%
Thanos
62.3%

You're not logged in!

Compare scores with friends on all Sporcle quizzes.
OR
Log In

Sporcle TV

Today on Sporcle TV


Watch our educational content, quiz creation guides, and fun videos on Sporcle TV.

Show Comments

Extras

Top Quizzes Today


Score Distribution

Your Account Isn't Verified!

In order to create a playlist on Sporcle, you need to verify the email address you used during registration. Go to your Sporcle Settings to finish the process.

Report this User

Report this user for behavior that violates our Community Guidelines.

Details: